Statistics for U.S. States that Drink Drive the Most

Click here to take the quiz!

General Stats

  • This quiz has been taken 583 times
    (536 since last reset)
  • The average score is 6 of 10

Answer Stats

% AdultsState% Correct
3.4North Dakota
69%
2.2South Dakota
68%
2.4Montana
65%
2.2Nevada
60%
2.2Wisconsin
60%
2.8Iowa
59%
2.2Michigan
59%
2.5Nebraska
59%
2.2Louisiana
54%
2.5Rhode Island
23%

Score Distribution

Percentile by Number Answered

Percent of People with Each Score

Your Score History

You have not taken this quiz since the last reset